Normal view
MARC view
Entry Geographic Name
001 - CONTROL NUMBER
- control field: 875574
003 - CONTROL NUMBER IDENTIFIER
- control field:
005 - DATE AND TIME OF LATEST TRANSACTION
- control field: 20210627090232.0
008 - FIXED-LENGTH DATA ELEMENTS
- fixed length control field: 210627|| aca||aabn | a|a d
040 ## - CATALOGING SOURCE
- Original cataloging agency:
- Transcribing agency:
151 ## - HEADING--GEOGRAPHIC NAME
- Geographic name: Greece
- General subdivision: Literary collections
670 ## - SOURCE DATA FOUND
- Source citation: Work cat.: ()755571: Greek literary papyri /, 1941
